| 000 | 00806nam a22002057a 4500 | ||
|---|---|---|---|
| 003 | OSt | ||
| 005 | 20210302151623.0 | ||
| 008 | 210302b2019 ck ao||gr|||| 00| 0 spa d | ||
| 020 | _a9789588895987 | ||
| 040 |
_aCO-JMCR _cCO-JMCR |
||
| 082 | 0 | 4 |
_a303.66 / _bD313d _223 |
| 110 | 2 |
_aColombia. Defensoría del Pueblo _eautor _93125 |
|
| 245 | 1 | 2 |
_aLa Defensoría en el territorio / _cDefensoría del Pueblo ; Defensor del pueblo Carlos Alfonso Negret Mosquera ; fotografías Fred Solís |
| 260 |
_a[Bogotá] : _bDefensoría del pueblo, _c2019 |
||
| 300 |
_a187 páginas : _bilustraciones y fotografías a color ; _c31 x 31 cm. |
||
| 650 | 1 | 4 |
_aDerechos humanos _914257 |
| 650 | 2 | 4 |
_aDefensoría del pueblo _914258 |
| 700 | 1 |
_aNegret Mosquera, Carlos Alfonso, _eDefensor del pueblo _914259 |
|
| 942 |
_2ddc _cBK |
||
| 999 |
_c7415 _d7415 |
||